Zdokonalování procesu dlouhodobého plánování sociálně-ekonomického rozvoje ČSR úvodní studie
Salvato in:
| Autore principale: | |
|---|---|
| Altri autori: | , |
| Natura: | Libro |
| Lingua: | ceco |
| Pubblicazione: |
Ostrava
Výzkumný ústav rozvoje oblastí a měst
1980
|
| Tags: |
Nessun Tag, puoi essere il primo ad aggiungerne!!
|
MARC
| LEADER | 00000nam a2200000 4500 | ||
|---|---|---|---|
| 001 | c142679 | ||
| 005 | 20181203150526.3 | ||
| 041 | 0 | |a cze | |
| 044 | |a CZ | ||
| 245 | 1 | 0 | |a Zdokonalování procesu dlouhodobého plánování sociálně-ekonomického rozvoje ČSR |b úvodní studie |c Antonín Drozd, Vladimír Koudela, Alois Kutscherauer |
| 264 | 1 | |a Ostrava |b Výzkumný ústav rozvoje oblastí a měst |c 1980 | |
| 300 | |a 36 s. | ||
| 100 | 1 | |a Drozd, Antonín | |
| 700 | 1 | |a Koudela, Vladimír | |
| 700 | 1 | |a Kutscherauer, Alois | |